Tibet Stories: 50 years and 50 persons (Record no. 586525)
[ view plain ]
| 000 -LEADER | |
|---|---|
| fixed length control field | 00337nam a22001217a 4500 |
| 020 ## - INTERNATIONAL STANDARD BOOK NUMBER | |
| International Standard Book Number | 9787223054300 |
| 100 ## - MAIN ENTRY--PERSONAL NAME | |
| Personal name | Liao Jiaxing |
| 245 ## - TITLE STATEMENT | |
| Title | Tibet Stories: 50 years and 50 persons |
| 260 ## - PUBLICATION, DISTRIBUTION, ETC. | |
| Place of publication, distribution, etc. | China |
| Name of publisher, distributor, etc. | Tibet People's Publishing House |
| Date of publication, distribution, etc. | 2017 |
| 300 ## - PHYSICAL DESCRIPTION | |
| Extent | 420p |
| 942 ## - ADDED ENTRY ELEMENTS (KOHA) | |
| Source of classification or shelving scheme | |
| Koha item type | Book |
| Withdrawn status | Lost status | Source of classification or shelving scheme | Materials specified (bound volume or other part) | Damaged status | Not for loan | Permanent Location | Current Location | Shelving location | Date acquired | Full call number | Barcode | Date last seen | Price effective from | Koha item type | Source of acquisition |
|---|---|---|---|---|---|---|---|---|---|---|---|---|---|---|---|
| Donated by Chinese embassy in Pakistan | Central Library (CL) | Central Library (CL) | Chinese Studies | 10/14/2021 | 951 JIA | CL-D-1241 | 04/22/2024 | 10/14/2021 | Book | ||||||
| Donated by Chinese embassy in Pakistan | Central Library (CL) | Central Library (CL) | Chinese Studies | 10/14/2021 | 951 JIA | CL-D-1242 | 10/14/2021 | 10/14/2021 | Book | ||||||
| Donated by Chinese Study Centre NUST | Central Library (CL) | Central Library (CL) | Chinese Studies | 11/28/2025 | 951 JIA | CL-D-3100 | 11/28/2025 | 11/28/2025 | Book | Donation | |||||
| NUST Law School (NLS) | NUST Law School (NLS) | 07/17/2025 | 951 JIA | NLSD-292 | 07/17/2025 | 07/17/2025 | Book |
